000 00596nam a22002177a 4500
003 OSt
005 20220107122736.0
008 140417b xxu||||| |||| 00| 0 eng d
020 _a9789332517134
040 _cIIITM-K
082 _a658.3124 TOL/E
100 _aTolhurst, Judith
_94099
245 _aThe essential guide to coaching and mentoring
_cby Judith Tolhurst
250 _a2nd ed.
260 _aNew Delhi,
_bPearson,
_c2014.
300 _axii, 261p.
650 _aMANAGEMENT
_94100
650 _aLEADERSHIP MANAGEMENT
_94101
650 _aSTRATEGIC MANAGEMENT
_94102
942 _2ddc
_cBK
999 _c3839
_d3839